[Event "9th RTU Open 2019"]
[Site "Riga"]
[Date "2019.08.05"]
[Round "1.11"]
[White "Lalith Babu M R"]
[Black "Ungurs, Edgars"]
[Result "1-0"]
[WhiteElo "2580"]
[BlackElo "2215"]
[Annotator "TA"]
[PlyCount "61"]
[EventDate "2019.08.05"]
[EventType "swiss"]
[EventCountry "LAT"]
[SourceTitle "playchess.com"]
[Source "ChessBase"]
[SourceQuality "1"]

{[%evp 23,61,20,37,37,26,34,39,12,45,15,16,18,20,23,12,0,22,15,7,0,21,9,16,0,0,0,11,31,44,2,103,102,219,234,383,268,806,133,363,366]} 1. Nf3 d5 2. d4 Nf6 3. c4 e6 4. Nc3 Nbd7 5. cxd5 exd5 6. Bg5 Be7 7. e3 O-O 8. Bd3 Re8 9. Qc2 Nf8 10. O-O-O c6 11. h3 Ne4 12. Bxe7 Qxe7 13. Bxe4 {D36: Queen's Gambit Declined: Exchange Variation: Main line (5 Bg5 c6 6 Qc2)} dxe4 14. Nd2 {[%cal Rc2e4]} f5 15. Rhg1 {White is slightly better.} Qf7 $146 ({Predecessor:} 15... b5 16. g4 b4 17. Na4 fxg4 18. hxg4 Qf7 19. Nc4 Qd5 20. b3 Ba6 {1-0 (34) Krejci,J (2503)-Horak,A (1977) Teplice 2013}) 16. Kb1 Ng6 17. g4 Nh4 18. Rg3 Be6 19. gxf5 Bxf5 20. Rdg1 g6 21. Ka1 (21. Ndxe4 Rxe4 22. Nxe4 Qe6 $17) 21... Re7 22. Qd1 $36 {[%mdl 2048] Black is under pressure.} Kh8 23. f3 exf3 24. Nxf3 Nxf3 25. Rxf3 {aiming for e4!} Qe8 26. d5 c5 (26... cxd5 $1 $11 27. Qd4+ (27. Nxd5 Rd8 $11) 27... Re5) 27. Qe1 $16 Rd8 (27... b5 $16) 28. Qh4 $18 {Black must now prevent Rxf5!} Re5 {[#]} (28... Bd3 $142 29. e4 c4) 29. e4 $1 {[%mdl 512]} Bd7 $2 {[#]} (29... Bxe4 30. Re3 Qe7 31. Qxe7 (31. Rxe4 Rxe4 32. Qxe4 Qxe4 $16) 31... Rxe7) 30. Qf6+ (30. Rxg6 $142 $3 {[%cal Rh4f6][%mdl 512]} Qe7 (30... Qxg6 31. Qxd8+) 31. Qh6 $1 {[%mdl 512]}) 30... Kg8 {[#] intending ...Qe7.} 31. Rfg3 $1 {Accuracy: White = 49%, Black = 48%.} 1-0

[Event "9th RTU Open 2019"]
[Site "Riga"]
[Date "2019.08.05"]
[Round "1.12"]
[White "Kanakova, Natalie"]
[Black "Michalik, Peter"]
[Result "0-1"]
[WhiteElo "2214"]
[BlackElo "2573"]
[Annotator "TA"]
[PlyCount "72"]
[EventDate "2019.08.05"]
[EventType "swiss"]
[EventCountry "LAT"]
[SourceTitle "playchess.com"]
[Source "ChessBase"]
[SourceQuality "1"]

{[%evp 23,72,27,49,0,0,0,0,0,0,0,0,0,0,0,0,0,27,30,32,39,25,30,42,0,0,0,8,0,0,0,0,0,0,-26,-26,-26,-26,-26,-26,-34,-34,-316,-270,-581,-511,-433,-418,-997,-926,-719,-704]} 1. Nf3 Nf6 2. g3 g6 3. b3 Bg7 4. Bb2 O-O 5. Bg2 d6 6. d4 Nbd7 7. O-O e5 8. dxe5 Ng4 9. Qd2 Ngxe5 10. c4 a5 11. Nxe5 Nxe5 12. Nc3 a4 13. Nxa4 {E60: King's Indian: Unusual lines and Fianchetto Variation without Nc3} (13. Rab1 {is more complex.} Bf5 14. e4 axb3 15. axb3 Bh3 16. f4) (13. Nd5 c6 14. Ne3 Qf6 15. Rab1 axb3 16. axb3 Ra2 17. Rfd1 Be6 18. Bxe5 Rxd2 19. Bxf6 Rxd1+ 20. Rxd1 Bxf6 21. Rxd6 {0-1 (46) Chirila,I (2533)-Belous,V (2564) chess.com INT 2017}) 13... Nxc4 $1 14. bxc4 {And now Bxg7 would win.} Rxa4 15. Bxg7 {The position is equal.} Kxg7 16. Bxb7 {[%mdl 64] [#] Decoy} Bxb7 17. Qb2+ {[%mdl 64] Double Attack} Qf6 18. Qxb7 c5 $146 ({Predecessor:} 18... Rxc4 19. a4 Re8 20. Ra2 Qe6 {½-½ (43) Frendzas,P (2405)-Anagnostopoulos,D (2460) Papanastasio 1996}) 19. Qb3 Rb4 20. Qd3 Re8 21. Rab1 {[%cal Ba1b1,Bb1b6,Bb6d6,Bd6d5][%mdl 32]} Ra4 22. Rb6 Qe6 23. Rxd6 Qxe2 24. Qc3+ Qe5 $132 {[%mdl 2048] Black has counterplay} 25. Qxe5+ (25. Rc1 {is interesting.} Rxa2 26. Rd5 Qxc3 27. Rxc3 Ra5 28. Rd7) 25... Rxe5 $11 {[%mdl 4096] Endgame KRR-KRR} 26. Rd5 Kf6 27. Rc1 Rxa2 28. Rcd1 Rc2 29. Rxe5 Kxe5 {KR-KR} 30. Rd5+ Ke4 31. Rxc5 Kf3 $1 {[%cal Rc2c1] [#]} 32. h4 $2 {[%mdl 8192]} ({White must play} 32. h3 $15) 32... Rxf2 $19 33. Rg5 $2 (33. h5) 33... Rg2+ 34. Kf1 Rc2 {[%cal Rc2c1]} 35. Kg1 (35. Ke1 $142 Rxc4 36. h5) 35... h6 36. Rd5 Kxg3 {Accuracy: White = 45%, Black = 93%.} 0-1

[Event "9th RTU Open 2019"]
[Site "Riga"]
[Date "2019.08.05"]
[Round "1.13"]
[White "Kulaots, Kaido"]
[Black "Bolsakovs, Vadims"]
[Result "1/2-1/2"]
[WhiteElo "2560"]
[BlackElo "2214"]
[Annotator "TA"]
[PlyCount "111"]
[EventDate "2019.08.05"]
[EventType "swiss"]
[EventCountry "LAT"]
[SourceTitle "playchess.com"]
[Source "ChessBase"]
[SourceQuality "1"]

{[%evp 28,111,24,30,39,20,28,20,38,14,58,54,86,75,88,62,114,121,117,116,118,121,167,173,148,102,123,113,109,114,121,109,151,98,109,0,0,0,0,0,0,0,0,0,0,0,0,0,0,0,0,0,0,0,0,0,0,0,0,0,0,0,10,0,0,0,0,0,0,0,0,0,0,0,0,0,0,0,0,0,0,0,0,0,0,0]} 1. e4 c6 2. Nc3 {[%cal Bb1c3,Bc3e4,Be4g5][%mdl 32]} d5 3. d4 dxe4 4. Nxe4 Nd7 5. Ng5 Ngf6 6. Bd3 e6 7. N1f3 Bd6 8. Qe2 h6 9. Ne4 Nxe4 10. Qxe4 Nf6 11. Qe2 b6 12. Bd2 Bb7 13. O-O-O Qc7 14. Ne5 O-O-O 15. f4 c5 $146 {B17: Caro-Kann: Modern Line (4...Nd7)} ({Predecessor:} 15... Rhe8 16. Rhe1 c5 17. dxc5 Bxc5 18. Kb1 {½-½ (67) Asrian,K (2575)-Svetushkin,D (2486) Yerevan 1999}) 16. dxc5 Bxc5 17. Kb1 Kb8 18. Rhe1 Rhe8 19. a3 Nd5 20. c4 Nf6 21. Bc3 Bd4 {[#]} (21... Rd6 $14) 22. Nxf7 $1 $16 {[%mdl 512]} Bxc3 (22... Qxf7 $2 23. Bxd4 Rd7 24. Bc2 $18) 23. Nxd8 Bxe1 24. Nxb7 Bh4 25. Bg6 Qxb7 26. g3 Rc8 27. gxh4 Qc7 28. Rd4 Qc5 29. Qe5+ Kb7 30. Bd3 ({Better is} 30. b4 Qc6 31. h5) 30... Rc7 31. b4 (31. Qe3 $16) 31... Qxe5 $1 $11 {The position is equal.} 32. fxe5 {[%mdl 4096] Endgame KRB-KRN} Rd7 33. Rf4 ({Not} 33. exf6 $2 Rxd4 34. f7 (34. fxg7 $2 Rg4 $19) 34... Rf4 $19) 33... Rxd3 34. exf6 gxf6 35. Rxf6 Rxa3 {KR-KR} 36. Kb2 Rh3 37. Rxh6 a5 38. bxa5 bxa5 39. Rh8 a4 40. h5 a3+ 41. Ka2 Rc3 42. h6 {Strongly threatening h7.} Rxc4 43. Kxa3 Rh4 44. Kb3 Kc6 45. Kc3 Kd5 46. h7 {Threatening mate with Rd8+.} Ke5 47. Kd3 Rxh2 48. Ke3 Rh3+ 49. Kf2 Rh6 50. Kg3 Kf6 51. Kf4 Kg7 52. Re8 Kxh7 53. Ke5 Kg7 54. Re7+ Kf8 55. Rxe6 Rxe6+ 56. Kxe6 {Accuracy: White = 60%, Black = 76%.} 1/2-1/2

[Event "9th RTU Open 2019"]
[Site "Riga"]
[Date "2019.08.05"]
[Round "1.14"]
[White "Smirnova, Ekaterina"]
[Black "Puranik, Abhimanyu"]
[Result "0-1"]
[WhiteElo "2184"]
[BlackElo "2550"]
[Annotator "TA"]
[PlyCount "134"]
[EventDate "2019.08.05"]
[EventType "swiss"]
[EventCountry "LAT"]
[SourceTitle "playchess.com"]
[Source "ChessBase"]
[SourceQuality "1"]

{[%evp 9,134,16,25,0,0,0,0,0,0,0,0,0,0,0,0,0,15,20,36,0,19,0,56,22,23,55,33,21,27,16,35,30,43,45,53,0,0,0,23,33,43,27,25,20,76,66,85,83,96,81,30,-288,-288,-288,-288,-263,-254,-263,-241,-279,-279,-279,-279,-279,-271,-255,-254,-246,-264,-514,-260,-564,-582,-518,-485,-1020,-866,-720,-1272,-1062,-1216,-1214,-956,-1159,-467,-1186,0,-881,0,-1169,-935,-6219,-6115,-5539,-4732,-29976,-29977,-29978,-29979,-29979,-29979,-29979,-29980,-29980,-29979,-29979,-29980,-29978,-29979,-29979,-29980,-29980,-29981,-29981,-29982,-29982,-29983,-29983,-29984,-29984,-29985,-29985,-29986,-29985,-29986,-29986,-29987]} 1. d4 Nf6 2. c4 g6 3. Nc3 d5 4. e3 Bg7 5. cxd5 Nxd5 6. Nxd5 {D80: Grünfeld: Unusual White 4th moves and 4 Bg5} Qxd5 7. Ne2 O-O $146 ({Predecessor:} 7... c5 8. Nc3 Qd8 9. d5 O-O 10. e4 e6 {1-0 (56) Navara,D (2734)-Safarli,E (2657) Berlin 2015}) 8. Nc3 {The position is equal.} Qd8 9. Be2 c5 {[%cal Rc5d4]} 10. d5 e6 11. e4 exd5 12. exd5 Re8 13. O-O a6 14. Be3 Qd6 15. a4 f5 (15... Be5 $11) 16. Qd2 $14 Be5 17. g3 b6 18. Bf3 Nd7 {[%cal Bb8d7,Bd7f6,Bf6g4][%mdl 32]} 19. Bg2 Bb7 20. Rad1 Rad8 21. Rfe1 Nf6 22. f4 (22. Bg5 $14) 22... Bxc3 $1 $11 23. bxc3 Ng4 ({But not} 23... Nxd5 $6 24. Qa2 $16) 24. c4 Bc8 25. Qc3 Nxe3 26. Rxe3 Bd7 (26... Rxe3 $11 27. Qxe3 Bd7) 27. Rde1 $1 $16 Rxe3 28. Rxe3 Re8 29. Rxe8+ Bxe8 30. Qe5 $2 {[%mdl 8192]} (30. a5 $11) 30... Qxe5 $19 31. fxe5 {[%mdl 4096] Endgame KB-KB} Kf7 $1 32. Kf2 Bxa4 33. Ke3 Bb3 34. Kd3 b5 $1 35. cxb5 axb5 36. Kc3 Ba2 37. Kb2 Bc4 38. Kc3 g5 39. Bf3 $2 (39. h3) 39... Ke7 40. Bg2 $2 (40. h3) 40... g4 41. d6+ Kd7 42. Bb7 {[#]} (42. Kd2 $142 h6 43. Ba8) 42... Be6 $1 43. Kb2 b4 44. Kc2 c4 45. Kb2 h5 46. Kc2 {[#]} Bf7 (46... f4 $142 $1 {[%mdl 512]} 47. gxf4 Bf5+ 48. Kb2 h4) 47. Kb2 (47. Ba6 $142 Bd5 48. Bb5+ Ke6 49. Ba6) 47... Be6 48. Kc2 Bf7 49. Kb2 $1 {[#]} h4 $1 {[%mdl 512]} 50. Bg2 (50. gxh4 f4) 50... hxg3 51. hxg3 Be6 52. Bb7 {[#]} f4 $1 {[%mdl 512] Black mates.} 53. gxf4 g3 54. Bg2 Bg4 55. Kc1 c3 56. Kc2 Bf5+ 57. Kb3 Be6+ 58. Kc2 Bg4 59. Bf1 Bf5+ 60. Kb3 Be6+ 61. Kc2 Bd5 62. Bh3+ Kd8 63. f5 g2 64. Bxg2 Bxg2 65. f6 Bd5 66. Kd3 Be6 67. Kc2 Bc4 {Accuracy: White = 49%, Black = 71%.} 0-1

[Event "9th RTU Open 2019"]
[Site "Riga"]
[Date "2019.08.05"]
[Round "1.15"]
[White "Theodorou, Nikolas"]
[Black "Mierins, Eriks"]
[Result "1-0"]
[WhiteElo "2543"]
[BlackElo "2213"]
[Annotator "TA"]
[PlyCount "67"]
[EventDate "2019.08.05"]
[EventType "swiss"]
[EventCountry "LAT"]
[SourceTitle "playchess.com"]
[Source "ChessBase"]
[SourceQuality "1"]

{[%evp 13,67,31,51,9,25,3,8,0,0,0,0,0,0,0,11,-66,18,0,0,0,11,0,0,5,14,23,13,0,4,12,25,27,33,30,40,23,41,41,33,33,51,33,56,45,42,49,70,85,255,234,219,202,212,174,2150,1987]} 1. d4 d5 2. c4 c6 3. Nf3 Nf6 4. g3 Bf5 5. Bg2 e6 6. O-O Bd6 7. Nc3 Nbd7 8. Nd2 {D11: Slav Defence: 3 Nf3 sidelines and 3...Nf6 4 e3 Bg4} O-O 9. e4 dxe4 10. Ndxe4 {The position is equal.} Be7 (10... Nxe4 11. Nxe4 Bxe4 12. Bxe4 Nf6 13. Bf3 Qa5 14. Qb3 Qb6 15. Qc2 c5 16. dxc5 Bxc5 {½-½ (72) Zhou,J (2620)-Li,C (2758) Wuxi 2016}) 11. Bf4 Nxe4 12. Nxe4 Nf6 13. Nc3 Bd6 14. Qd2 $146 ({Better is} 14. Be3 $11) ({Predecessor:} 14. Be3 Qe7 15. Qb3 Rfd8 {1-0 (36) Cervello Tost,F (2027)-Moran Soria,J (1795) Barcelona 2013}) 14... Qc7 (14... Bxf4 $15 15. Qxf4 Bd3 {[%mdl 64] Double Attack}) 15. Bg5 Be7 16. h3 Rad8 17. Rad1 Rd7 18. Bf4 Bd6 19. Bxd6 Qxd6 20. Qe3 Qb4 21. b3 Rfd8 22. g4 Bg6 23. f4 Qa5 24. Rd2 h6 25. Rfd1 Kf8 26. Bf3 Re7 27. Ne2 Qb6 28. g5 hxg5 29. fxg5 Nh5 30. Qf2 {[#] aiming for Qh4.} e5 $2 (30... Ree8 $16) 31. c5 Qb4 32. Qh4 exd4 33. Nf4 ({Less strong is} 33. Rxd4 Qxc5 34. Kf1 (34. Bxh5 Re4 $15) 34... Rxd4 $16) 33... d3 $2 {[#]} (33... Qxc5 34. Bxh5 Bxh5) 34. Nxg6+ {[%mdl 64] Discovered Attack. Accuracy: White = 56%, Black = 35%.} 1-0

[Event "9th RTU Open 2019"]
[Site "Riga"]
[Date "2019.08.05"]
[Round "1.16"]
[White "Ibrahimova, Sabina"]
[Black "Handke, Florian"]
[Result "0-1"]
[WhiteElo "2190"]
[BlackElo "2544"]
[Annotator "TA"]
[PlyCount "70"]
[EventDate "2019.08.05"]
[EventType "swiss"]
[EventCountry "LAT"]
[SourceTitle "playchess.com"]
[Source "ChessBase"]
[SourceQuality "1"]

{[%evp 15,70,39,62,57,77,34,72,76,93,97,105,88,147,106,148,141,134,158,139,140,159,168,139,114,125,102,111,131,178,170,159,174,272,268,354,3,78,0,0,0,139,89,356,294,318,291,265,-321,-322,-321,-311,-297,-306,-364,-348,-439,-356]} 1. e4 c5 2. Nf3 e6 3. d4 cxd4 4. Nxd4 a6 5. Bd3 Nf6 6. O-O Qc7 7. Nc3 Bc5 8. Nb3 Ba7 9. Bg5 {B43: Sicilian: Kan Variation: 5 Nc3} (9. Kh1 Nc6 10. f4 d6 11. Qe2 h5 12. Be3 Bxe3 13. Qxe3 Bd7 14. Rae1 O-O-O 15. Na4 Kb8 16. Nb6 Be8 {0-1 (34) Kadric,D (2543)-Caruana,F (2827) Batumi 2018}) 9... Nc6 10. Kh1 (10. Bxf6 $5 gxf6 11. Qg4 $14) 10... b5 11. f4 {White is better.} h6 12. Bh4 b4 13. e5 bxc3 (13... g5 $142 14. Bg3 bxc3 15. exf6 cxb2) 14. exf6 $16 g5 15. Bg3 $1 cxb2 16. Rb1 {[#]} Rb8 $146 ({Predecessor:} 16... Qd8 17. fxg5 hxg5 {1-0 (34) Dubov,D (2677)-Gordievsky,D (2605) Moscow 2017}) 17. Rxb2 gxf4 18. Bxf4 e5 19. Qe2 d6 20. Be3 Bxe3 21. Qxe3 a5 {...a4 is the strong threat.} 22. Rbb1 Be6 23. a4 Nb4 (23... Rb4 $142) 24. Bb5+ $18 Kf8 {[#]} 25. c3 $2 (25. Nxa5 $1 $18 {[%mdl 512]} Nxc2 (25... Qxa5 26. Qd2) 26. Qg3) 25... Nd5 $1 $11 {[%cal Rd5e3] [#]} 26. Qg3 ({White should try} 26. Qf3 $1 $16) 26... Rg8 27. Qh4 Rxb5 (27... Rg6 $11 28. Bd3 Rxf6 29. Rxf6 Nxf6 30. Qxf6 Rxb3) 28. axb5 $40 {[%mdl 128] White wants a kill.} Nxc3 $2 {[%mdl 8192]} (28... Rg6 $16 {might work better.}) 29. Rb2 ({Not} 29. Qxh6+ Ke8 $16) 29... Rg6 {next ...a4 is good for Black.} 30. Rc1 a4 {[#]} 31. Qxa4 $4 {[%mdl 8192]} (31. Qb4 $1 $18 {is the narrow road to win.}) 31... Nxa4 $19 32. Rxc7 {Black must now prevent Rf2.} Nxb2 33. b6 Rxf6 {[%cal Rf6f1]} 34. h4 {Threatens to win with b7.} Bd5 35. Na5 {Now Nc6 and White clings on.} Rf4 {Accuracy: White = 54%, Black = 44%.} 0-1

[Event "9th RTU Open 2019"]
[Site "Riga"]
[Date "2019.08.05"]
[Round "1.17"]
[White "Meshkovs, Nikita"]
[Black "Kukk, Sander"]
[Result "1-0"]
[WhiteElo "2550"]
[BlackElo "2207"]
[Annotator "TA"]
[PlyCount "113"]
[EventDate "2019.08.05"]
[EventType "swiss"]
[EventCountry "LAT"]
[SourceTitle "playchess.com"]
[Source "ChessBase"]
[SourceQuality "1"]

{[%evp 14,113,50,64,67,55,114,54,100,100,100,98,108,91,110,77,79,85,92,81,71,28,56,23,112,96,190,178,187,153,168,113,122,119,233,240,221,228,242,248,242,238,233,233,252,251,280,288,301,287,291,297,285,292,319,241,237,238,393,406,398,366,383,349,426,425,474,452,525,528,505,494,503,499,547,544,534,522,491,493,795,760,768,803,776,648,558,520,901,901,857,832,29966,29967,5613,6123,5493,1005,29956,29954,29955,29955]} 1. d4 g6 2. e4 Bg7 3. Nc3 d6 4. Be3 Nf6 5. f3 O-O 6. Nge2 Nbd7 7. Qd2 e5 8. O-O-O c6 {B07: Pirc Defence: Miscellaneous Systems} (8... exd4 9. Nxd4 Re8 10. Bh6 Bh8 11. h4 Nb6 12. Qf2 d5 13. h5 Bd7 14. Qg3 c5 15. Nf5 d4 16. hxg6 fxg6 17. Nb5 Bxb5 18. Bxb5 Re6 19. Bf4 Bg7 20. Bc7 Qc8 21. Bxb6 axb6 22. Bc4 Kf8 23. Nxg7 Kxg7 24. e5 Ng8 25. Qh3 {1-0 (25) Abasov,N (2514)-Popchev,M (2499) Niska Banja 2010}) 9. Kb1 Qe7 (9... Nb6 $14) 10. Nc1 $146 (10. g4 $16) ({Predecessor:} 10. d5 c5 11. g4 Rb8 12. Ng3 Re8 {½-½ (23) Sekulic,V (2285)-Narancic,V (2362) Jahorina 2003}) 10... b5 {White is slightly better.} 11. dxe5 dxe5 12. Qd6 Qxd6 13. Rxd6 Bb7 14. Nb3 a5 15. a4 b4 16. Na2 Rfc8 17. Bg5 Rc7 18. Be2 c5 (18... Bf8 $11 {remains equal.} 19. Rdd1 (19. Rxf6 Kg7 $11) 19... c5) 19. Bb5 $1 $16 c4 (19... h6 $16) 20. Nd2 $18 Rac8 21. Rd1 h6 22. Bh4 (22. Be3 $18) 22... g5 $16 23. Bg3 $1 Bf8 {[#]} (23... Bc6 $16) 24. Rxf6 $1 $18 {[%mdl 576] Deflection, Decoy} Nxf6 25. Bxe5 {[%mdl 64] Double Attack} Ne8 26. Bxc7 ({Inferior is} 26. Bxe8 Re7 $15) 26... Nxc7 27. Bxc4 Rd8 28. Nc1 Bc6 29. b3 Ne6 30. Bxe6 fxe6 31. Nd3 Bd6 32. Nc4 {Nde5 is the strong threat.} Bc7 33. Kc1 Kg7 34. g3 Kf6 35. Nc5 Rxd1+ $2 (35... Rc8 36. Nd7+ Ke7) 36. Kxd1 {[%mdl 4096] Endgame KBB-KNN} h5 37. Na6 Bd8 38. Ke2 g4 39. Ke3 gxf3 40. Kxf3 Bb7 41. Nc5 Bc6 42. Nd3 Bc7 43. Nf4 Be8 44. h4 Bf7 45. g4 hxg4+ 46. Kxg4 Be8 (46... Kg7 $142 47. e5 Bg8 48. Nh5+ Kf7) 47. h5 Bd7 {[#]} 48. e5+ $1 Kg7 (48... Bxe5 49. Nxe5) 49. Nd3 Kh6 50. Nd6 Bc6 (50... Bb6 $142 51. Kh4 Bc6) 51. Nf7+ Kg7 {[#]} 52. Ng5 $1 {[%cal Rg5e6]} Bd7 {[#]} 53. Nc5 $1 {[%mdl 64] Double Attack} Bc8 54. Ncxe6+ {[%mdl 64] Double Attack} Kh6 55. Kh4 Bxe5 56. Nf7+ {[%mdl 64] Double Attack} Kh7 57. Neg5+ {Accuracy: White = 71%, Black = 32%.} 1-0

[Event "9th RTU Open 2019"]
[Site "Riga"]
[Date "2019.08.05"]
[Round "1.18"]
[White "Tomaszewski, Roman"]
[Black "Deepan Chakkravarthy J."]
[Result "0-1"]
[WhiteElo "2205"]
[BlackElo "2532"]
[Annotator "TA"]
[PlyCount "64"]
[EventDate "2019.08.05"]
[EventType "swiss"]
[EventCountry "LAT"]
[SourceTitle "playchess.com"]
[Source "ChessBase"]
[SourceQuality "1"]

{[%evp 9,64,60,39,16,17,10,23,13,27,10,53,34,66,55,61,26,70,0,11,0,56,61,35,22,20,13,11,-7,0,-13,-13,-13,-13,-129,-132,-152,-163,-198,-193,-233,-221,-233,-207,-225,-213,-331,-302,-403,-389,-1090,-1079,-1611,-1595,-29985,-1178,-1024,-963]} 1. d4 Nf6 2. c4 Nc6 3. Nf3 e6 4. a3 g6 5. Nc3 Bg7 6. d5 {E10: Blumenfeld Gambit} (6. Bf4 d6 7. h3 O-O 8. e3 h6 9. Be2 b6 10. O-O Bb7 11. Qc2 Ne7 12. Rad1 a6 {1-0 (37) Korotylev,A (2573)-Bologan,V (2615) Moscow 2017}) 6... Ne7 7. e4 d6 8. Be2 {White has an edge.} O-O 9. O-O a5 10. Rb1 Nd7 11. dxe6 $146 ({Predecessor:} 11. Be3 e5 12. b4 axb4 13. axb4 {1-0 (51) Makhnyov,D (2364)-Popov,M (2306) Tyumen 2014}) 11... fxe6 12. Qc2 h6 13. h4 (13. Be3 $14) 13... Nc6 14. Be3 Nde5 ({Better is} 14... b6 $11) 15. Nxe5 $14 dxe5 16. g3 Nd4 17. Qd2 Kh7 18. Kg2 b6 19. f3 a4 20. Bd3 c5 21. Bxd4 (21. Rf2 $11 {remains equal.}) 21... exd4 $17 22. Nb5 {next e5! is good for White.} e5 $1 23. Qc2 h5 24. Rh1 Bh6 25. Be2 Be6 26. Rbf1 Qe7 27. Bd3 (27. Rh2 $142) 27... Rf7 $19 28. Qd1 Rg8 29. Qxa4 $2 (29. Qe1 g5 30. hxg5 Qxg5 31. Nd6) 29... g5 30. Kf2 gxh4 {( -> ...Qg5)} 31. gxh4 {[#]} Be3+ (31... Qf6 $142 $1 {[%mdl 512]} 32. Qd1 {[#]} Qf4 $1 {[%mdl 512]} 33. Ke1 Rg2 34. Rf2 Rxf2 35. Nxd4 Rd2 $1 {[%mdl 512]} 36. Qe2 Qg3+ 37. Kf1 cxd4 38. Rh2 Rxf3+ 39. Qxf3 Qxf3+ 40. Kg1 Rd1+ 41. Bf1 Rxf1#) 32. Ke1 Rg2 {Accuracy: White = 16%, Black = 67%.} 0-1

[Event "9th RTU Open 2019"]
[Site "Riga"]
[Date "2019.08.05"]
[Round "1.19"]
[White "Chandra, Akshat"]
[Black "Kopylov, Daniel"]
[Result "1-0"]
[WhiteElo "2522"]
[BlackElo "2209"]
[Annotator "TA"]
[PlyCount "81"]
[EventDate "2019.08.05"]
[EventType "swiss"]
[EventCountry "LAT"]
[SourceTitle "playchess.com"]
[Source "ChessBase"]
[SourceQuality "1"]

{[%evp 21,81,25,26,19,28,0,0,-5,0,0,0,0,0,-27,-4,-14,-27,-67,-22,-22,-33,-22,-21,-45,-39,-32,-39,-33,0,0,33,35,56,68,67,31,43,46,86,86,211,218,404,413,402,399,439,414,472,446,520,385,382,374,581,570,513,491,4918,1366,5422,596]} 1. e4 c5 2. Nf3 d6 3. Bb5+ Bd7 4. c4 Nf6 5. Nc3 g6 6. d4 cxd4 7. Nxd4 Bg7 8. O-O O-O 9. Bxd7 Qxd7 10. b3 Rc8 11. Bb2 Nc6 12. Re1 {B52: Sicilian: Moscow Variation with 3...Bd7} e6 $146 ({Predecessor:} 12... Qd8 13. Nd5 Ne8 14. Qd2 Be5 15. Rad1 e6 16. Nxc6 bxc6 17. Ne3 Qg5 18. g3 Rd8 19. Kg2 h5 {½-½ (49) Rozentalis,E (2522)-Petursson,M (2486) Porto Carras 2018}) 13. Nc2 a6 14. Qe2 {The position is equal.} Rab8 15. Red1 Qe7 16. Ne3 Nd7 17. Qd2 Nc5 18. f3 b5 19. Kh1 Qg5 20. cxb5 axb5 {[%cal Ba6b5,Bb5b4][%mdl 32]} 21. Rab1 Ne5 22. Rf1 Ned3 23. Ba1 $1 b4 24. Ne2 {[#] Black must now prevent Bxg7.} Bxa1 (24... e5 {keeps more tension.} 25. Rbd1 Rc6 26. Nc1 Bh6 27. Qc2 Nf2+) 25. Rxa1 Qe5 26. Rad1 h5 27. Nc4 Qg7 28. Nf4 ({Of course not} 28. Nxd6 Rd8 $17) 28... Ne5 29. Nxd6 Rd8 {aiming for ...Nb7.} 30. Qe3 $36 {[%mdl 2048] White has strong initiative.} Ncd3 (30... Nb7 $16) 31. Nxf7 $1 $18 ({Weaker is} 31. Nxd3 Rxd6 32. Nf2 Rxd1 $14) 31... Nf2+ $2 (31... Kxf7 32. Nxd3 Nxd3) 32. Qxf2 Qxf7 33. Qg3 Rxd1 34. Rxd1 Rc8 35. h4 Rc5 36. Nd3 Nxd3 37. Rxd3 e5 (37... Kh7 $142 38. Rd6 Rc2) 38. Qg5 {White is clearly winning.} Kh7 39. Rd6 Ra5 {[#]} (39... Rc2 $142 40. Qxe5 Rxa2) 40. Rf6 (40. f4 $142 $1 exf4 41. Qxa5) 40... Qe8 41. Rb6 {Accuracy: White = 62%, Black = 24%.} (41. f4 $142 Ra7 42. f5) 1-0

[Event "9th RTU Open 2019"]
[Site "Riga"]
[Date "2019.08.05"]
[Round "1.20"]
[White "Krustkalns, Kristaps"]
[Black "Gukesh D"]
[Result "0-1"]
[WhiteElo "2203"]
[BlackElo "2520"]
[Annotator "RC"]
[PlyCount "62"]
[EventDate "2019.08.05"]
[EventType "swiss"]
[EventCountry "LAT"]
[TimeControl "5400+30"]

1. e4 {[%emt 0:00:00]} c5 {[%emt 0:01:24]} 2. Nf3 {[%emt 0:00:00]} Nc6 {[%emt 0:00:18]} 3. d4 {[%emt 0:00:49]} cxd4 {[%emt 0:00:11]} 4. Nxd4 {[%emt 0:00:11]} Nf6 {[%emt 0:01:12]} 5. Nc3 {[%emt 0:00:39]} e5 {[%emt 0:00:21]} 6. Ndb5 {[%emt 0:00:23]} d6 {[%emt 0:00:16]} 7. Bg5 {[%emt 0:01:56]} a6 {[%emt 0:00:06]} 8. Na3 {[%emt 0:00:58]} b5 {[%emt 0:00:05]} 9. Bxf6 {[%emt 0:00:57]} gxf6 {[%emt 0:00:07]} 10. Nd5 {[%emt 0:00:14]} f5 {[%emt 0:04:45]} 11. Bd3 {[%emt 0:03:15]} Be6 {[%emt 0:01:21]} 12. c3 {[%emt 0:00:42]} Bg7 {[%emt 0:08:30]} 13. Qh5 {[%emt 0:01:45]} f4 {[%emt 0:17:02]} 14. O-O {[%emt 0:13:56]} O-O {[%emt 0:08:48]} 15. Nc2 {[%emt 0:02:14]} f5 {[%emt 0:06:10]} 16. a4 {[%emt 0:07:43]} Bxd5 {[%emt 0:05:51]} 17. exd5 {[%emt 0:00:30]} Ne7 {[%emt 0:00:13]} 18. axb5 {[%emt 0:01:34]} e4 {[%emt 0:00:36]} 19. Bc4 {[%emt 0:06:24]} axb5 {[%emt 0:01:01]} 20. Bxb5 {[%emt 0:02:15]} Rb8 {[%emt 0:11:04]} 21. c4 {[%emt 0:04:29]} Nxd5 {[%emt 0:01:12]} 22. Ra7 {[%emt 0:03:21]} Nc7 {[%emt 0:03:46]} 23. Nb4 {[%emt 0:05:33]} Nxb5 {[%emt 0:01:00]} 24. cxb5 {[%emt 0:00:09]} Rxb5 {[%emt 0:01:20]} 25. Nc6 {[%emt 0:06:35]} Qf6 {[%emt 0:00:48]} 26. b4 {[%emt 0:02:13]} Kh8 {[%emt 0:11:30]} 27. Qe2 {[%emt 0:03:09]} Rb6 {[%emt 0:00:11]} 28. Ne7 {[%emt 0:02:58]} Rxb4 {[%emt 0:05:28]} 29. Qd2 {[%emt 0:01:09]} Qd4 {[%emt 0:03:53]} 30. Qa2 {[%emt 0:01:40]} Rb2 {[%emt 0:01:07]} 31. Qa5 {[%emt 0:00:08]} Qxf2+ {[%emt 0:00:12]} 0-1